Sports Quiz

Random Sports or Country Quiz
Score 0/71 Timer 15:00
17 Plays Today
Country Track Name % Correct
Great BritainSilverstone Circuit
91.2%
MonacoCircuit de Monaco
88.2%
BelgiumSpa-Francorchamps
87.7%
ItalyAutodromo Nazionale Monza
87.4%
GermanyHockenheimring
78.9%
AustraliaAlbert Park
77.6%
CanadaCircuit Gilles Villeneuve
76%
SpainCircuit de Catalunya
76%
GermanyNürburgring
75.1%
JapanSuzuka Circuit
75.1%
United StatesIndianapolis Motor Speedway
73.5%
HungaryHungaroring
73.1%
SingaporeMarina Bay Street Circuit
69.6%
AzerbaijanBaku City Circuit
68.9%
U.A.EYas Marina Circuit
68.9%
United StatesCircuit of the Americas
67.8%
BahrainBahrain International Circuit
66.5%
ItalyAutodromo Enzo e Dino Ferrari
64.6%
MalaysiaSepang International Circuit
63.5%
BrazilInterlagos
63.3%
RussiaSochi Autodrom
63%
ChinaShanghai International Circuit
61.5%
FranceCircuit Paul Ricard
61.4%
United KingdomBrands Hatch
61.4%
SpainMontjuïc circuit
59.1%
AustriaRed Bull Ring
57.6%
MexicoAutódromo Hermanos Rodríguez
56.9%
SpainValencia Street Circuit
56.3%
NetherlandsCircuit Park Zandvoort
56%
FranceMagny-Cours Circuit
55.5%
TurkeyIstanbul Park
55.4%
JapanFuji Speedway
54.4%
AustraliaAdelaide Street Circuit
50.2%
SpainCircuito Permanente de Jerez
46.1%
PortugalAutódromo do Estoril
45.9%
United StatesCaesar's Palace
43.9%
Country Track Name % Correct
Great BritainDonington Park
43.3%
ArgentinaAutódromo Oscar Alfredo Gálvez
42.1%
FranceBugatti Circuit - Le Mans
41.5%
BrazilAutódromo Internacional Nelson Piquet
40.6%
United StatesDetroit Street Circuit
39.7%
United StatesWatkins Glen
39.4%
South AfricaKyalami
38.8%
BelgiumCircuit Zolder
36.6%
United StatesLong Beach Street Circuit
34.4%
United StatesFair Park
32%
United StatesPhoenix Street Circuit
30.7%
South KoreaKorean International Circuit
30.1%
GermanyAVUS
29.7%
Great BritainAintree
27.2%
FranceDijon-Prenois
26.5%
IndiaBuddh International Circuit
25.1%
PortugalMonsanto Park
24.7%
SwitzerlandCircuit Bremgarten
23.6%
FranceReims-Gueux
23.6%
MoroccoAin-Diab
23.4%
PortugalCircuito da Boavista
21.8%
JapanTanaka International Circuit
21.2%
United StatesSebring International Raceway
20.8%
SpainCircuito Permanente Del Jarama
20.6%
CanadaMosport International Raceway
20.3%
SwedenScandinavian Raceway
19.3%
FranceRouen-Les-Essarts
16.7%
AustriaZeltweg Airfield
16.7%
ItalyPescara Circuit
16%
South AfricaPrince George Circuit
13.5%
United StatesRiverside International Raceway
13.1%
FranceCircuit Charade
12.9%
CanadaCircuit Mont-Tremblant
12.9%
BelgiumNivelles-Baulers Circuit
12%
SpainPedralbes Circuit
9%

You're not logged in!

Compare scores with friends on all Sporcle quizzes.
OR
Log In

Sporcle TV

Today on Sporcle TV


Watch our educational content, quiz creation guides, and fun videos on Sporcle TV.

Show Comments

Extras

Top Quizzes Today


Score Distribution

Paid Content

Your Account Isn't Verified!

In order to create a playlist on Sporcle, you need to verify the email address you used during registration. Go to your Sporcle Settings to finish the process.

Report this User

Report this user for behavior that violates our Community Guidelines.

Details: